| 000 | 00704nam a2200145 a 4500 | ||
|---|---|---|---|
| 008 | 120416s1992 ||||||||||||||||| || u | ||
| 020 | _a0944426905 | ||
| 050 | _aG 70.2 Ame | ||
| 245 | 1 | 0 | _aGIS/LIS proceedings |
| 246 | _aThe American Congress on Surveying & Mapping | ||
| 260 |
_aBethseda _bAmerican Society for Photogrammetry & Re _c1992 |
||
| 350 | _a0.00 | ||
| 995 |
_aMAIN LIBRARY OPEN ACCESS _D0.00 _e729707 _FCBU-MAIN LIBRARY (Kitwe) _H1 _I66.50 _jG 70.2 Ame _M1 _UAVAILABLE _WOct 18, 2006 _y023527 _ZMain Library Open Access Collection |
||
| 995 |
_aANNEX COLLECTION (Main Library) _D0.00 _e729706 _FCBU-MAIN LIBRARY (Kitwe) _H2 _I66.50 _jG 70.2 Ame _M2 _UAVAILABLE _WOct 18, 2006 _y023498 _ZAnnex Low-Usage Collection |
||
| 999 |
_c75908 _d75908 |
||